NCAA Institutions in Nebraska - Statistics

General Stats
  • This quiz has been taken 44 times
  • The average score is 5 of 7
Answer Stats
Conference School Team Name % Correct
Division I Big Ten Nebraska-Lincoln Cornhuskers
100%
Division I Big East Creighton Bluejays
92%
Division I Summit Nebraska-Omaha Mavericks
85%
Division II Rocky Mountain Chadron State Eagles
62%
Division II MIAA Nebraska-Kearney Lopers
62%
Division III American Rivers Nebraska Wesleyan Prairie Wolves
50%
Division II Northern Sun Wayne State Wildcats
50%
No matching quizzes found
Score Distribution
Percent of People with Each Score
Percentile by Number Answered
Your Score History
You have not taken this quiz